Statistics for Bismarck Municipal Airport Destinations (Bismarck, ND, USA)

Click here to take the quiz!

General Stats

  • This quiz has been taken 17 times
    (6 since last reset)
  • The average score is 5 of 7

Answer Stats

AirlineDestination% Correct
United ExpressDenver
100%
American EagleDallas/Fort Worth
83%
Delta Air Lines/Delta ConnectionMinneapolis/St. Paul
83%
Allegiant AirOrlando/Sanford
83%
Allegiant AirLas Vegas
50%
Allegiant AirPhoenix/Mesa
50%
Allegiant AirSt. Petersburg/Clearwater
50%

Score Distribution

Percentile by Number Answered

Percent of People with Each Score

Your Score History

You have not taken this quiz since the last reset